Československá gobelínová tvorba

Bibliographic Details
Main Author: Kybalová, Ludmila, 1929-2012 (Author)
Format: Book
Language:Czech
PhysicalDescription:94 s. fotogr.
Published: Praha Nakladatelství československých výtvarných umělců 1963
Edition:1. vyd.
Subjects:

MARC

LEADER 00000cam a2200000 a 4500
001 vtls001465601
003 SK-MaSNL
005 20260311144058.0
008 240314s1963 xr o gr 00000 cze
035 |a SNK000420906 
040 |a SNK  |b slo  |c SNK  |e AACR2 
041 0 |a cze  |b fre  |b rus 
044 |a xr  |c CZ 
072 7 |a 74  |x Kresba. Umelecké remeslá  |2 konspekt 
080 |a 745.52  |2 2001 
100 1 |a Kybalová, Ludmila,  |d 1929-2012  |4 aut  |9 222629 
245 1 0 |a Československá gobelínová tvorba  |c Ludmila Kybalová 
250 |a 1. vyd. 
260 |a Praha  |b Nakladatelství československých výtvarných umělců  |c 1963 
300 |a 94 s.  |b fotogr. 
546 |a Francúzske a ruské resumé 
650 0 7 |a gobelíny  |2 SNKPH  |9 23412 
650 0 7 |a výtvarná kultúra  |2 SNKPH  |9 69085 
651 7 |a Československo  |2 SNKPH  |9 21376 
655 7 |a príručky  |2 SNKPH  |9 74364 
852 |a Štátna vedecká knižnica v Banskej Bystrici 
958 |a OND 
999 |c 1084693  |d 1086623 
952 |t P60, <04>, [BOOK], {604}  |a SNK  |b SNK  |y VYP  |7 0  |p 17A0407722  |o snkIB 15960  |i snkKIP 6723/64  |0 0  |1 0  |4 0  |d 2003-12-19  |l 0  |r 2005-01-02 00:00:00  |w 2026-02-24